The will to freedom ; or, The gospel of Nietzsche and the gospel of Christ.

Bibliographic Details
Main Author: Figgis, John Neville, 1866-1919
Format: Book
Language:English
Published: New York : Charles Scribner's Sons, 1917.
Series:The Bross library, vol. VIII
Subjects:

MARC

Tag First Indicator Second Indicator Subfields
LEADER 00000cam a2200000 4500
001 in00000061873
005 20151008051059.0
008 750703s1917 eng u
010 |a  17015172  
035 |a (OCoLC)01430495 
035 |9 AAG5580AM 
040 |c BSC  |d TXA  |d UtOrBLW 
049 |a TXAM  |c [8239] 
082 0 |a 193 
090 |a B3317  |b .F5 
092 |a 204  |b F47 
100 1 |a Figgis, John Neville,  |d 1866-1919. 
245 1 4 |a The will to freedom ;  |b or, The gospel of Nietzsche and the gospel of Christ. 
264 1 |a New York :  |b Charles Scribner's Sons,  |c 1917. 
300 |a xviii, 320 pages ;  |c 20 cm. 
336 |a text  |b txt  |2 rdacontent 
337 |a unmediated  |b n  |2 rdamedia 
338 |a volume  |b nc  |2 rdacarrier 
490 0 |a The Bross library, vol. VIII 
504 |a Bibliographical footnotes. 
600 1 0 |a Nietzsche, Friedrich Wilhelm,  |d 1844-1900. 
999 |a MARS 
999 f f |s c028906f-048a-39be-af78-ce26c4ff7cc5  |i 09441a7f-62c5-3330-af38-d2992755e79a  |t 0 
952 f f |p ric  |a Texas A&M University  |b Rellis Campus  |c Joint Library Facility  |d Remote Storage  |t 0  |e B3317 .F5  |h Library of Congress classification  |i unmediated -- volume  |m A14800598937 
998 f f |a B3317 .F5  |t 0  |l Remote Storage